Ricostruisci la Carriera del Calciatore - Harry Maguire - Statistics

Statistiche generali
  • Questo quiz è stato fatto 10 volte
  • Il punteggio medio è 2 su 6
Statistiche sulle risposte
Hint Risposta % Corretto
2019- Manchester Utd
71%
2015 Wigan
71%
2017-2019 Leicester City
43%
2014-2015 Hull City
14%
2015-2017 Hull City
14%
2011-2014 Sheffield Utd
14%
Nessun quiz corrispondente trovato
Distribuzione punteggi
Percentuale di utenti per punteggio
Percentile per numero di risposta
I tuoi punteggi nel tempo
Non hai fatto questo quiz